Szczegóły MARC21

Bibliografia Prawa i Postępowania Karnego : literatura-orzecznictwo ... /

001 -Numer kontrolny rekordu [,]
    • @
    • pole kontrolne
    • zz2006812096
005 -Data i czas ostatniej zmiany [,]
    • @
    • Data ostatniej zmiany
    • 20241231110853.0
035 -Inne numery kontrolne [ , ]
    • a
    • Numer kontrolny
    • (OCoLC)76275624
040 -Instytucja sporządzająca opis [ , ]
    • a
    • Instytucja, która sporządziła opis (NP)
    • KR U/AK
    • c
    • Instytucja, która sporządziła rekord (NP)
    • KR U/AK
    • d
    • Instytucja, która zmodyfikowała rekord (P)
    • KR U/AK
    • d
    • Instytucja, która zmodyfikowała rekord (P)
    • TOR U/ENs
942 -Rodzaj dokumentu [ , ]
    • c
    • Rodzaj dokumentu
    • Wydaw. ciągłe w tym czasopisma
998 -Inne dane NUKAT [ , ]
    • a
    • Numer systemowy
    • vtls000770375
245 -Strefa tytułu i oznaczenia odpowiedzialności [0,0]
    • a
    • Tytuł
    • Bibliografia Prawa i Postępowania Karnego :
    • b
    • Ciąg dalszy tytułu (NP)
    • literatura-orzecznictwo ... /
    • c
    • Pozostałe elementy strefy tytułu i oznaczenia odpowiedzialności (NP)
    • Zygmunt Najgebauer, Feliks Prusak.
246 -Wariant tytułu [3,0]
    • a
    • Tytuł (NP)
    • Literatura-orzecznictwo
260 -Strefa adresu wydawniczego [ , ]
    • a
    • Miejsce wydania (P)
    • Warszawa :
    • b
    • Nazwa wydawcy (P)
    • Wydawnictwo Prawnicze,
    • c
    • Data wydania (P)
    • 1969-1971.
300 -Strefa opisu fizycznego [ , ]
    • c
    • Format (NP)
    • 24 cm.
310 -Częstotliwość [ , ]
    • a
    • Częstotliwość
    • Niereg.
336 -Typ zawartości [ , ]
    • a
    • Termin opisujący typ zawartości
    • Tekst
    • b
    • Typ/rodzaj nośnika
    • txt
    • 2
    • Źródło (termin i kod)
    • rdacontent
337 -Typ mediów [ , ]
    • a
    • Tryb odtwarzania
    • Bez urządzenia pośredniczącego
    • b
    • Kod typu mediów
    • n
    • 2
    • Źródło (termin i kod)
    • rdamedia
338 -Typ/rodzaj nośnika [ , ]
    • a
    • Hasło opisujące typ nośnika
    • Wolumin
    • b
    • Kod typu nośnika
    • nc
    • 2
    • Źródło (termin i kod)
    • rdacarrier
362 -Strefa numeracji [0, ]
    • a
    • Strefa numeracji
    • [T. 1] 1944/1964-T. 2 1965-1969.
515 -Uwaga dot. numeracji [ , ]
    • a
    • Odstępstwa w numeracji
    • W pierwszy zeszycie brak numeracji.
650 -Hasło przedmiotowe - nazwa pospolita [ ,7]
    • a
    • Hasło przedmiotowe
    • Prawo karne
    • z
    • Określnik geograficzny
    • Polska
    • y
    • Określnik chronologiczny
    • 1945-1970
650 -Hasło przedmiotowe - nazwa pospolita [ ,7]
    • a
    • Hasło przedmiotowe
    • Postępowanie karne
    • z
    • Określnik geograficzny
    • Polska
    • y
    • Określnik chronologiczny
    • 1945-1970
700 -Hasło dodatkowe - nazwa osobowa [1, ]
    • a
    • Nazwa osobowa (NP)
    • Najgebauer, Zygmunt.
    • e
    • Określenie rodzaju współpracy (NP)
    • Oprac.
700 -Hasło dodatkowe - nazwa osobowa [1, ]
    • a
    • Nazwa osobowa (NP)
    • Prusak, Feliks
    • d
    • Daty biograficzne (NP)
    • (1939- ).
    • e
    • Określenie rodzaju współpracy (NP)
    • Oprac.
785 -Tytuł następny wydawnictwa [0,0]
    • t
    • Title
    • Bibliografia Prawa Karnego
    • g
    • Relationship information
    • T. 3 1970/1974-
    • w
    • Record control number
    • (NUKAT)zz2006974839
866 -Niesformalizowane zestawienie zasobów [4,0]
    • 1
    • Numer porządkowy egz.
    • 1
    • 8
    • Numer przyłączenia i sekwencyjny
    • 0
852 -Numer inwentarzowy [ , ]
    • 1
    • Numer porządkowy egz.
    • 1
    • a
    • Lokalizacja siglum biblioteki
    • SZCZ U
    • j
    • Sygnatura
    • SA.2629
952 -Egzemplarz [ , ]
    • a
    • Numer inwentarzowy
    • SA.7101
    • c
    • Sygnatura
    • SA.7101
    • d
    • Lokalizacja
    • BSA Biblioteka Wydziału Prawa i Administracji im. prof. Stanisława Czepity
    • e
    • Akcesja
    • 95d82/2
    • i
    • Nr tomu wydaw.cg
    • 1944-1964
    • p
    • Kod kreskowy
    • 2002000071019
    • r
    • Cena
    • 40
    • w
    • Data inwentaryzacji
    • 1996-09-04
    • y
    • Status udostępniania
    • miesięczne
952 -Egzemplarz [ , ]
    • a
    • Numer inwentarzowy
    • SA.2629
    • c
    • Sygnatura
    • SA.2629
    • d
    • Lokalizacja
    • BSA Biblioteka Wydziału Prawa i Administracji im. prof. Stanisława Czepity
    • i
    • Nr tomu wydaw.cg
    • 1944-1964
    • p
    • Kod kreskowy
    • 2002000026293
    • r
    • Cena
    • 170.00
    • w
    • Data inwentaryzacji
    • 1996-09-04
    • y
    • Status udostępniania
    • Tylko na miejscu
952 -Egzemplarz [ , ]
    • a
    • Numer inwentarzowy
    • SA.7097
    • c
    • Sygnatura
    • SA.7097
    • d
    • Lokalizacja
    • BSA Biblioteka Wydziału Prawa i Administracji im. prof. Stanisława Czepity
    • e
    • Akcesja
    • 95d82/3
    • i
    • Nr tomu wydaw.cg
    • 1965-1969
    • p
    • Kod kreskowy
    • 2002000070975
    • r
    • Cena
    • 40
    • w
    • Data inwentaryzacji
    • 1996-08-12
    • y
    • Status udostępniania
    • Tylko na miejscu
    • z
    • Sposób nabycia
    • dary zwarte